[Event "C.to Provinciale CO"]
[Site "Mariano Comense ITA"]
[Date "2008.01.20"]
[Round "3"]
[White "Lancianese, Giuseppe"]
[Black "Mason, Giovanni"]
[Result "1-0"]
[WhiteElo "1806"]
[BlackElo "1562"]
[PlyCount "69"]
[EventDate "2008.01.19"]

1. d4 d5 2. c4 e6 3. Nc3 Bb4 4. Nf3 Bxc3+ 5. bxc3 Nf6 6. Ba3 Nc6 7. e3 Ne4 8.
Qc2 f5 9. Bd3 Ne7 10. cxd5 exd5 11. O-O O-O 12. Ne5 Rf6 13. f3 Ng5 14. Rae1 c6
15. e4 g6 16. Qd2 f4 17. Qf2 h6 18. Bxe7 Qxe7 19. exd5 Qd6 20. dxc6 bxc6 21.
Qh4 Kg7 22. Ng4 Bxg4 23. Qxg4 Rd8 24. Re2 Qd7 25. Qh4 Re8 26. Rfe1 Rxe2 27.
Rxe2 Qd6 28. Qg4 Ne6 29. Kf1 Nc7 30. Bc4 Nd5 31. Bxd5 cxd5 32. Qc8 h5 33. h4
Qa6 34. Qe8 Rf8 35. Qe5+ 1-0

[Event "C.to Provinciale CO"]
[Site "Mariano Comense ITA"]
[Date "2008.01.20"]
[Round "3"]
[White "Liscio, Giovanni"]
[Black "Revinelli, Sergio"]
[Result "1/2-1/2"]
[WhiteElo "2036"]
[BlackElo "1860"]
[PlyCount "53"]
[EventDate "2008.01.19"]

1. d4 d5 2. c4 c6 3. Nc3 e6 4. e3 Nf6 5. Nf3 Nbd7 6. a3 Be7 7. Bd3 dxc4 8. Bxc4
b5 9. Bd3 a6 10. O-O c5 11. Qe2 Bb7 12. Rd1 O-O 13. dxc5 Bxc5 14. b4 Be7 15.
Bb2 Qb6 16. Rd2 Rfd8 17. Rad1 Bxf3 18. Qxf3 Ne5 19. Qg3 Nxd3 20. Rxd3 Rxd3 21.
Rxd3 Rd8 22. e4 Rxd3 23. Qxd3 Qd8 24. Qe2 h6 25. g3 Nd7 26. Nd1 Bf6 27. Ne3
1/2-1/2

[Event "C.to Provinciale CO"]
[Site "Mariano Comense ITA"]
[Date "2008.01.20"]
[Round "3"]
[White "Napoli, Ferdinando"]
[Black "Lipari, Alberto"]
[Result "1-0"]
[WhiteElo "1802"]
[BlackElo "1506"]
[PlyCount "103"]
[EventDate "2008.01.19"]

1. e4 c5 2. Nf3 Nc6 3. d4 cxd4 4. Nxd4 e6 5. Be2 Nf6 6. Nc3 Bb4 7. f3 a6 8. Be3
O-O 9. O-O Bc5 10. Kh1 Qb6 11. Na4 Qa5 12. Nxc5 Qxc5 13. Qd2 Qe5 14. c3 b5 15.
Rad1 Bb7 16. Nxc6 Bxc6 17. Bf4 Qh5 18. Bd6 Rfd8 19. Qd4 Nxe4 20. g4 Qg6 21.
fxe4 Bxe4+ 22. Bf3 Bxf3+ 23. Rxf3 f6 24. h3 Rac8 25. Qd3 Qf7 26. Rf4 Re8 27.
Rf2 e5 28. Qd5 Qxd5+ 29. Rxd5 e4 30. Bf4 Rc4 31. Re2 g5 32. Be3 Re7 33. Bd4 Rc6
34. Kg2 Kg7 35. Rxg5+ Kf7 36. Rf5 Kg6 37. Kg3 Rce6 38. Kf4 h6 39. Ke3 d6 40. b4
Rd7 41. Ref2 Rf7 42. a4 bxa4 43. Ra5 Rd7 44. Rxa6 Kf7 45. Rxa4 d5 46. Rf5 Red6
47. Ra5 Kg6 48. b5 Rh7 49. b6 h5 50. Rxh5 Rxh5 51. gxh5+ Kxh5 52. b7 1-0

[Event "C.to Provinciale CO"]
[Site "Mariano Comense ITA"]
[Date "2008.01.20"]
[Round "3"]
[White "Pede, Lucio"]
[Black "Moioli, Ferruccio"]
[Result "1-0"]
[WhiteElo "1664"]
[BlackElo "1566"]
[PlyCount "63"]
[EventDate "2008.01.19"]

1. e4 e5 2. Nf3 Nc6 3. Bc4 d6 4. h3 h6 5. c3 Nf6 6. Qb3 Qd7 7. d3 Na5 8. Qc2
Nxc4 9. dxc4 Qc6 10. Nfd2 Be6 11. b3 Be7 12. O-O Qd7 13. Kh2 g5 14. Rd1 Nh5 15.
Nf1 Nf4 16. Bxf4 gxf4 17. Nbd2 Rg8 18. Nf3 f5 19. Nxe5 Qc8 20. Nf3 Bf6 21. Re1
Qd7 22. exf5 O-O-O 23. Rxe6 Qg7 24. Ne1 Be5 25. Rg6 Qf7 26. Rxg8 f3+ 27. Rg3
fxg2 28. Kxg2 Bxg3 29. Nxg3 Rg8 30. Nf3 h5 31. h4 Qf6 32. Qe4 1-0

[Event "C.to Provinciale CO"]
[Site "Mariano Comense ITA"]
[Date "2008.01.20"]
[Round "3"]
[White "Poletto, Daniele"]
[Black "Rossi, Giampiero"]
[Result "0-1"]
[WhiteElo "1804"]
[BlackElo "2003"]
[PlyCount "118"]
[EventDate "2008.01.19"]

1. c4 e6 2. Nf3 d5 3. g3 c6 4. b3 Nf6 5. Bb2 Be7 6. Bg2 Nbd7 7. O-O O-O 8. d3
b6 9. Nbd2 Bb7 10. Rc1 Rc8 11. Rc2 Qc7 12. Qa1 Qb8 13. Rfc1 Rfd8 14. cxd5 cxd5
15. Rxc8 Rxc8 16. Rxc8+ Qxc8 17. Qc1 Qxc1+ 18. Bxc1 Ne8 19. Bb2 f6 20. Nb1 Kf7
21. Kf1 Nf8 22. Nc3 Nc7 23. Nd2 e5 24. e3 Nfe6 25. Ke1 Nc5 26. Ke2 e4 27. dxe4
Ba6+ 28. Kd1 Nd3 29. Kc2 Ne1+ 30. Kd1 Nxg2 31. exd5 Bc5 32. Nde4 Bxe3 33. fxe3
Nxe3+ 34. Kd2 Nexd5 35. Nxd5 Nxd5 36. Nc3 Nc7 37. Ke3 Ne6 38. Ne4 Ke7 39. Bc3
Bb7 40. Bb4+ Kd7 41. Nc3 Bc6 42. Ba3 f5 43. Bb2 g5 44. Ne2 a5 45. Nd4 f4+ 46.
gxf4 gxf4+ 47. Kf2 Nc5 48. Nxc6 Kxc6 49. Kf3 Kd5 50. Bc3 Nd3 51. Bd2 Ke5 52. a3
Kf5 53. b4 axb4 54. axb4 b5 55. h3 Ne5+ 56. Kf2 Ke4 57. Bc3 Nd3+ 58. Kf1 Kf3
59. h4 h5 0-1

[Event "C.to Provinciale CO"]
[Site "Mariano Comense ITA"]
[Date "2008.01.20"]
[Round "3"]
[White "Rizzi, Pierantonio"]
[Black "Calabrese, Salvatore"]
[Result "1-0"]
[WhiteElo "1389"]
[BlackElo "1299"]
[PlyCount "55"]
[EventDate "2008.01.19"]

1. e4 g6 2. d4 Bg7 3. Nf3 Nc6 4. Nc3 d6 5. Bb5 Bd7 6. O-O a6 7. Bxc6 Bxc6 8.
Bf4 f5 9. e5 Rb8 10. Ng5 Qc8 11. d5 Bb5 12. Nxb5 axb5 13. Ne6 Bxe5 14. Bxe5
dxe5 15. Qe2 e4 16. Qxb5+ c6 17. dxc6 bxc6 18. Qe5 Nf6 19. Rad1 Kf7 20. Ng5+
Kg7 21. Qxe7+ Kh6 22. Qxf6 Kh5 23. h4 h6 24. Nh3 Rf8 25. Nf4+ Kg4 26. Qxg6+
Kxf4 27. Qxh6+ Ke5 28. Qd6# 1-0

[Event "C.to Provinciale CO"]
[Site "Mariano Comense ITA"]
[Date "2008.01.20"]
[Round "3"]
[White "Turati, Pierangelo"]
[Black "Boffi, Luigi"]
[Result "1-0"]
[WhiteElo "1440"]
[BlackElo "1596"]
[PlyCount "69"]
[EventDate "2008.01.19"]

1. Nf3 d5 2. g3 Nf6 3. Bg2 c6 4. d3 Bg4 5. O-O Nbd7 6. c4 e5 7. cxd5 cxd5 8.
Bg5 Be7 9. Qb3 Qb8 10. Bxf6 Nxf6 11. Nc3 Qd6 12. h3 Bd7 13. Qxb7 O-O 14. Qb3
Rab8 15. Qc2 Rfc8 16. Qd2 Rc7 17. a3 Rbc8 18. Rfc1 h6 19. b4 a6 20. e3 Bc6 21.
d4 e4 22. Ne5 Be8 23. Bf1 Nd7 24. Kg2 Nxe5 25. dxe5 Qxe5 26. Nxd5 Rxc1 27.
Nxe7+ Qxe7 28. Rxc1 Rd8 29. Qc3 Rd6 30. Qc8 Rd8 31. Qg4 Rd2 32. Qf4 Qg5 33. Rc8
Qe7 34. Ra8 Rd6 35. Rxe8+ 1-0

[Event "C.to Provinciale CO"]
[Site "Mariano Comense ITA"]
[Date "2008.01.26"]
[Round "4"]
[White "Bellotto, Stefano"]
[Black "Poletto, Daniele"]
[Result "1-0"]
[WhiteElo "1993"]
[BlackElo "1804"]
[PlyCount "53"]
[EventDate "2008.01.19"]

1. e4 c5 2. Nf3 e6 3. d3 Nc6 4. g3 g6 5. Bg2 Bg7 6. O-O Nge7 7. Re1 d6 8. c3
O-O 9. Nbd2 e5 10. a3 a5 11. a4 h6 12. Nf1 Be6 13. Be3 Kh7 14. h4 Qd7 15. N1h2
f5 16. h5 gxh5 17. exf5 Nxf5 18. Nh4 Nxh4 19. gxh4 Qe8 20. Bf3 Bf7 21. Be4+ Bg6
22. Qxh5 Bxe4 23. Qxe8 Raxe8 24. dxe4 Bf6 25. Rad1 Bxh4 26. Rxd6 c4 27. Rxh6+
1-0

[Event "C.to Provinciale CO"]
[Site "Mariano Comense ITA"]
[Date "2008.01.26"]
[Round "4"]
[White "Bernasconi, Roberto"]
[Black "Pede, Lucio"]
[Result "0-1"]
[WhiteElo "1940"]
[BlackElo "1664"]
[PlyCount "44"]
[EventDate "2008.01.19"]

1. e4 e5 2. Nf3 Nc6 3. Nc3 d6 4. d4 Bg4 5. dxe5 Bxf3 6. gxf3 dxe5 7. Qxd8+ Rxd8
8. Bb5 Bb4 9. Bd2 Nge7 10. O-O-O O-O 11. Bxc6 Nxc6 12. Rhg1 Nd4 13. Bh6 Bxc3
14. Rxg7+ Kh8 15. Kb1 Rd6 16. Rxh7+ Kxh7 17. Bxf8 Rb6 18. b3 Rf6 19. Rg1 Rxf3
20. Rg7+ Kh8 21. Rg3 Rxg3 22. hxg3 Nf3 0-1

[Event "C.to Provinciale CO"]
[Site "Mariano Comense ITA"]
[Date "2008.01.26"]
[Round "4"]
[White "Boffi, Luigi"]
[Black "Rizzi, Pierantonio"]
[Result "1-0"]
[WhiteElo "1596"]
[BlackElo "1389"]
[PlyCount "109"]
[EventDate "2008.01.19"]

1. Nf3 Nc6 2. d4 d5 3. c3 Nf6 4. Bg5 Ne4 5. Bf4 e6 6. Nbd2 Bd6 7. Bxd6 Qxd6 8.
Qc2 Nxd2 9. Nxd2 O-O 10. e4 e5 11. dxe5 Qxe5 12. Bd3 Bf5 13. O-O dxe4 14. Bxe4
Bxe4 15. Nxe4 Rae8 16. Nd2 Re6 17. Nf3 Qh5 18. h3 Ne5 19. Nxe5 Rxe5 20. Rfe1
Rg5 21. Re3 Rg6 22. Rae1 h6 23. b4 Qd5 24. Qe4 c6 25. Qxd5 cxd5 26. Re7 Rb8 27.
Rd7 Rg5 28. Rd1 a6 29. a4 b5 30. a5 Rc8 31. Rd3 Rc6 32. g4 Re5 33. Kf1 g5 34.
Rf3 Rc4 35. Rdxf7 Rf4 36. R3xf4 gxf4 37. Rxf4 Re4 38. Rxe4 dxe4 39. Ke2 Kf7 40.
Ke3 Ke6 41. Kxe4 Kd6 42. f4 Ke6 43. h4 Kf6 44. h5 Kg7 45. Kf5 Kf7 46. g5 Kg7
47. Ke6 Kh7 48. Kf6 Kg8 49. Kg6 hxg5 50. fxg5 Kh8 51. Kf7 Kh7 52. g6+ Kh8 53.
g7+ Kh7 54. g8=Q+ Kh6 55. Qg6# 1-0

[Event "C.to Provinciale CO"]
[Site "Mariano Comense ITA"]
[Date "2008.01.26"]
[Round "4"]
[White "Buonocore, Elio"]
[Black "Rossi, Giampiero"]
[Result "1/2-1/2"]
[WhiteElo "2166"]
[BlackElo "2003"]
[PlyCount "65"]
[EventDate "2008.01.19"]

1. e4 c5 2. Nf3 e6 3. d4 cxd4 4. Nxd4 a6 5. Nc3 Qc7 6. Be2 Nf6 7. O-O d6 8. Kh1
Be7 9. Be3 Bd7 10. f4 Nc6 11. a4 O-O 12. Bf3 Rfc8 13. Qe1 Rab8 14. Qf2 Nxd4 15.
Bxd4 Bc6 16. Bb6 Qd7 17. a5 Qe8 18. e5 dxe5 19. fxe5 Nd7 20. Ba7 Ra8 21. Bd4
Bxf3 22. Qxf3 Bc5 23. Qe3 Bxd4 24. Qxd4 f6 25. exf6 Nxf6 26. Rae1 Rc6 27. Re2
Rd8 28. Qe5 Qe7 29. h3 Qc5 30. Qxc5 Rxc5 31. Rxe6 Rxa5 32. Rb6 Rd7 33. Kh2
1/2-1/2

[Event "C.to Provinciale CO"]
[Site "Mariano Comense ITA"]
[Date "2008.01.26"]
[Round "4"]
[White "Coppola, Guido"]
[Black "Crippa, Gabriele"]
[Result "0-1"]
[WhiteElo "2065"]
[BlackElo "2084"]
[PlyCount "46"]
[EventDate "2008.01.19"]

1. e4 c5 2. Nf3 Nf6 3. e5 Nd5 4. Nc3 e6 5. Bc4 Nxc3 6. bxc3 b6 7. O-O Ba6 8.
Qe2 Bxc4 9. Qxc4 Be7 10. Qg4 O-O 11. d4 f5 12. Qg3 cxd4 13. cxd4 Na6 14. Bh6
Rf7 15. Ng5 Bxg5 16. Bxg5 Qf8 17. Bc1 Qb4 18. Qd3 Qa4 19. Ba3 Rc8 20. c4 Rxc4
21. Rac1 b5 22. Rxc4 bxc4 23. Rc1 d5 0-1

[Event "C.to Provinciale CO"]
[Site "Mariano Comense ITA"]
[Date "2008.01.26"]
[Round "4"]
[White "Corti, Filippo"]
[Black "Gonella, Daniele"]
[Result "1-0"]
[WhiteElo "1592"]
[BlackElo "1473"]
[PlyCount "135"]
[EventDate "2008.01.19"]

1. Nf3 d5 2. g3 Nc6 3. d4 g6 4. Bg2 Bg7 5. O-O Bg4 6. c3 e6 7. Nbd2 Nf6 8. h3
Bxf3 9. Nxf3 Nd7 10. Qc2 e5 11. dxe5 Ndxe5 12. Bf4 O-O 13. Rad1 Nxf3+ 14. Bxf3
Ne7 15. e4 c6 16. exd5 Nxd5 17. c4 Nb4 18. Qb3 Qb6 19. Bd6 a5 20. Bxf8 Bxf8 21.
a3 a4 22. Qc3 Bg7 23. Qxb4 Qxb4 24. axb4 Bxb2 25. Rb1 a3 26. Rxb2 axb2 27. Rb1
Ra3 28. Bd1 Rd3 29. Bc2 Rc3 30. Rxb2 Rxc4 31. Bb3 Rd4 32. Kg2 Kg7 33. Bc2 b6
34. Kf3 f5 35. Ke3 Rc4 36. Bd3 Rc3 37. Kd4 Rc1 38. Rc2 Rxc2 39. Bxc2 Kf6 40. f4
c5+ 41. bxc5 bxc5+ 42. Kxc5 g5 43. Kd5 h6 44. Bd1 Kg6 45. Ke5 h5 46. Bxh5+ Kxh5
47. Kxf5 gxf4 48. gxf4 Kh6 49. Ke6 Kg7 50. f5 Kh8 51. f6 Kg8 52. Ke7 Kh7 53. f7
Kg6 54. Ke8 Kf6 55. f8=Q+ Ke5 56. Qf3 Ke6 57. Qf4 Kd5 58. Qe3 Kd6 59. Qg5 Ke6
60. Qf4 Kd5 61. Kd7 Kc5 62. Qe4 Kb5 63. Qc2 Kb4 64. Kc6 Ka3 65. Qb1 Ka4 66. Kc5
Ka3 67. Kc4 Ka4 68. Qb4# 1-0

[Event "C.to Provinciale CO"]
[Site "Mariano Comense ITA"]
[Date "2008.01.26"]
[Round "4"]
[White "Lancianese, Giuseppe"]
[Black "Bove, Enzo"]
[Result "1/2-1/2"]
[WhiteElo "1806"]
[BlackElo "2000"]
[PlyCount "77"]
[EventDate "2008.01.19"]

1. d4 d5 2. Nf3 Nf6 3. Bf4 c6 4. e3 g6 5. c4 Bg7 6. Nc3 O-O 7. Be2 Bg4 8. Ne5
Bxe2 9. Qxe2 Nbd7 10. h3 Qa5 11. O-O Rad8 12. Rfd1 Ne4 13. cxd5 Nxc3 14. bxc3
Nxe5 15. dxe5 Rxd5 16. Rxd5 cxd5 17. Rb1 b6 18. Rb5 Qa6 19. c4 Rd8 20. Qd3 e6
21. cxd5 exd5 22. Qb3 Qb7 23. Rc5 Bf8 24. Rc1 Qd7 25. Rd1 Bc5 26. Bg5 Be7 27.
Bxe7 Qxe7 28. Rxd5 Rc8 29. Qd1 Rc7 30. Kf1 Qa3 31. Rd8+ Kg7 32. Qd4 Rc1+ 33.
Ke2 Qxa2+ 34. Kf3 Qe6 35. g4 Rc5 36. Rd7 a5 37. Rd6 Qxe5 38. Qxe5+ Rxe5 39.
Rxb6 1/2-1/2

[Event "C.to Provinciale CO"]
[Site "Mariano Comense ITA"]
[Date "2008.01.26"]
[Round "4"]
[White "Lipari, Alberto"]
[Black "Casonato, Mattias"]
[Result "0-1"]
[WhiteElo "1506"]
[BlackElo "1545"]
[PlyCount "102"]
[EventDate "2008.01.19"]

1. d4 g6 2. c4 Bg7 3. Nf3 d6 4. e4 Nd7 5. Nc3 c6 6. Bf4 Nh6 7. h3 O-O 8. Qd2
Nf5 9. exf5 Nf6 10. fxg6 fxg6 11. Be2 Bf5 12. g4 Ne4 13. Nxe4 Bxe4 14. Rg1 Bxf3
15. Bxf3 e5 16. dxe5 dxe5 17. Qxd8 Raxd8 18. Bg5 Rd7 19. Be2 h6 20. Bd2 Rfd8
21. O-O-O e4 22. b3 c5 23. Rg3 Bb2+ 24. Kc2 Be5 25. Re3 Bf4 26. h4 g5 27. hxg5
hxg5 28. Bc3 Rxd1 29. Bxd1 Bxe3 30. fxe3 Kf7 31. Be2 Rd7 32. Bd2 b6 33. a4 a5
34. Bf1 Rd6 35. Bg2 Re6 36. Be1 Kf6 37. Bg3 Kg6 38. Bc7 Kf6 39. Bxe4 Rxe4 40.
Bxb6 Rxg4 41. Bxc5 Re4 42. Bb6 g4 43. Kd3 g3 44. Ke2 Rg4 45. Kf1 g2+ 46. Kg1
Kf5 47. c5 Ke4 48. c6 Kf3 49. Bd8 Rg6 50. Bc7 Rxc6 51. Bh2 Rc1# 0-1

[Event "C.to Provinciale CO"]
[Site "Mariano Comense ITA"]
[Date "2008.01.26"]
[Round "4"]
[White "Liscio, Giovanni"]
[Black "Agrifoglio, Fabio"]
[Result "1-0"]
[WhiteElo "2036"]
[BlackElo "1995"]
[PlyCount "87"]
[EventDate "2008.01.19"]

1. d4 d6 2. c4 e5 3. e4 Nc6 4. d5 Nce7 5. Nc3 g6 6. f3 c5 7. dxc6 bxc6 8. Be3
f5 9. Qd2 f4 10. Bf2 Be6 11. c5 d5 12. exd5 Bxd5 13. Bd3 Nf6 14. Nge2 Bg7 15.
Qc2 Qa5 16. O-O O-O 17. a3 Be6 18. b4 Qc7 19. Rfe1 Rad8 20. Nxf4 Bf5 21. Bxf5
exf4 22. Be6+ Kh8 23. Rad1 Nf5 24. Bxf5 gxf5 25. b5 Qa5 26. bxc6 Rde8 27. a4
Rxe1+ 28. Rxe1 Ne4 29. Nxe4 fxe4 30. Qxe4 Qd2 31. c7 Qd7 32. Qe7 Qf5 33. Qe6
Qxe6 34. Rxe6 Rc8 35. Re7 Kg8 36. Rd7 Bf6 37. Kf1 Kf8 38. c6 Ra8 39. Bxa7 Rc8
40. Rxh7 Bg7 41. Bb6 Kg8 42. Rh5 Kf7 43. Rd5 Bf6 44. Rd8 1-0

[Event "C.to Provinciale CO"]
[Site "Mariano Comense ITA"]
[Date "2008.01.26"]
[Round "4"]
[White "Mason, Giovanni"]
[Black "Bettinelli, Sergio"]
[Result "1-0"]
[WhiteElo "1562"]
[BlackElo "1392"]
[PlyCount "85"]
[EventDate "2008.01.19"]

1. e4 c5 2. c4 b6 3. Nf3 Bb7 4. Nc3 e6 5. d3 Be7 6. Be2 Nc6 7. O-O Nf6 8. Re1
Qc7 9. g3 Ne5 10. Bf4 Bd6 11. Nb5 Qb8 12. Nxd6+ Qxd6 13. Bxe5 Qe7 14. Qd2 O-O-O
15. Qc2 Ng4 16. Bc3 d6 17. Qd2 f5 18. Qg5 Qf7 19. Qxg7 Qh5 20. Qg5 Qg6 21. Bxh8
Rxh8 22. Qxg6 hxg6 23. h4 fxe4 24. Ng5 Nf6 25. dxe4 Nxe4 26. Nxe6 Nd2 27. Bg4
Nf3+ 28. Bxf3 Bxf3 29. Ng5 Bc6 30. Re7 a5 31. Rae1 a4 32. Nf7 Rg8 33. Nxd6+ Kb8
34. Nf7 a3 35. b3 b5 36. Ne5 Bb7 37. Nd7+ Ka7 38. Nxc5 Rd8 39. Rxb7+ Ka8 40.
cxb5 Rc8 41. b4 Rd8 42. b6 Rb8 43. Ra7# 1-0

[Event "C.to Provinciale CO"]
[Site "Mariano Comense ITA"]
[Date "2008.01.26"]
[Round "4"]
[White "Moioli, Ferruccio"]
[Black "Gonella, Graziano"]
[Result "1-0"]
[WhiteElo "1566"]
[BlackElo "1260"]
[PlyCount "73"]
[EventDate "2008.01.19"]

1. d4 Nf6 2. Nc3 d5 3. Bg5 e6 4. a3 Be7 5. Nf3 a6 6. e3 Ne4 7. Bxe7 Qxe7 8. Ne5
f6 9. Qh5+ g6 10. Nxg6 hxg6 11. Qxh8+ Qf8 12. Qh7 Qf7 13. Qh6 Nd7 14. Bd3 f5
15. f3 Nef6 16. Rf1 Ng8 17. Qg5 Nf8 18. O-O-O Nh7 19. Qg3 c6 20. e4 f4 21. Qe1
Nhf6 22. exd5 Nxd5 23. Nxd5 cxd5 24. g3 Qf6 25. Qd2 Qxd4 26. Bxg6+ Ke7 27. Qxd4
Nf6 28. Rfe1 Bd7 29. gxf4 Ng8 30. f5 Kd8 31. fxe6 Bc6 32. Qc5 Ne7 33. Qd6+ Kc8
34. Qxe7 a5 35. Qd6 Ra6 36. e7 Bb5 37. Qd8# 1-0

[Event "C.to Provinciale CO"]
[Site "Mariano Comense ITA"]
[Date "2008.01.26"]
[Round "4"]
[White "Napoli, Ferdinando"]
[Black "Guzzetti, Luigi Enrico"]
[Result "0-1"]
[WhiteElo "1802"]
[BlackElo "1933"]
[PlyCount "38"]
[EventDate "2008.01.19"]

1. e4 c5 2. Nf3 e6 3. d4 cxd4 4. Nxd4 a6 5. Be2 Nf6 6. Nc3 Qc7 7. O-O b5 8. f3
Bb7 9. Be3 Be7 10. Qd2 d6 11. Rad1 Nbd7 12. a3 Rc8 13. Kh1 Ne5 14. Rfe1 h5 15.
Bg5 h4 16. Qe3 h3 17. g4 Qd8 18. Rg1 Nfxg4 19. Bxe7 Nxe3 0-1

[Event "C.to Provinciale CO"]
[Site "Mariano Comense ITA"]
[Date "2008.01.26"]
[Round "4"]
[White "Revinelli, Sergio"]
[Black "Turati, Pierangelo"]
[Result "1-0"]
[WhiteElo "1860"]
[BlackElo "1440"]
[PlyCount "95"]
[EventDate "2008.01.19"]

1. e4 c5 2. Nf3 a6 3. c4 d6 4. d4 Bg4 5. dxc5 Qa5+ 6. Nc3 Qxc5 7. Be3 Qc8 8.
Be2 Nf6 9. O-O g6 10. Rc1 Bg7 11. Nd4 Bxe2 12. Ndxe2 O-O 13. b3 Nbd7 14. Nf4
Rb8 15. Nfd5 Nxd5 16. Nxd5 Qd8 17. Qd2 Rc8 18. Qb4 Nc5 19. Bxc5 dxc5 20. Qxb7
Re8 21. Rfd1 Rb8 22. Qc7 Qxc7 23. Nxc7 Rec8 24. Nd5 Kf8 25. Rd3 Rd8 26. Rcd1
Bd4 27. Kf1 a5 28. Nc3 Ke8 29. Ne2 Be5 30. Rxd8+ Rxd8 31. Rxd8+ Kxd8 32. f4 Bc7
33. Kf2 e5 34. Kf3 exf4 35. Nxf4 Ke7 36. Nd5+ Kd6 37. h3 Bd8 38. Kf4 Ke6 39. g4
h6 40. e5 Bh4 41. Ke4 Bg3 42. Nf4+ Ke7 43. Nd3 Kd7 44. Kd5 f5 45. exf6 Bd6 46.
f7 Bf8 47. Nxc5+ Ke7 48. Ne6 1-0

[Event "C.to Provinciale CO"]
[Site "Mariano Comense ITA"]
[Date "2008.01.27"]
[Round "5"]
[White "Bernasconi, Roberto"]
[Black "Boffi, Luigi"]
[Result "1-0"]
[WhiteElo "1940"]
[BlackElo "1596"]
[PlyCount "65"]
[EventDate "2008.01.19"]

1. e4 d5 2. exd5 Qxd5 3. Nc3 Qa5 4. d4 c6 5. Nf3 Bg4 6. h3 Bh5 7. g4 Bg6 8. Bc4
e6 9. Bd2 Nd7 10. Qe2 Be7 11. O-O-O Qc7 12. h4 h6 13. Ne5 Nxe5 14. dxe5 Bb4 15.
f4 O-O-O 16. Qe3 Kb8 17. a3 Ba5 18. Ne2 Bxd2+ 19. Rxd2 Ne7 20. Rhd1 Nd5 21.
Bxd5 Rxd5 22. Nc3 Rxd2 23. Qxd2 Kc8 24. b4 h5 25. g5 Bf5 26. Qd4 Rd8 27. Qxa7
Rxd1+ 28. Kxd1 Qd7+ 29. Kc1 Bg4 30. Ne4 Qd1+ 31. Kb2 Qd5 32. Nd6+ Kd8 33. Qb8+
1-0

[Event "C.to Provinciale CO"]
[Site "Mariano Comense ITA"]
[Date "2008.01.27"]
[Round "5"]
[White "Bettinelli, Sergio"]
[Black "Lipari, Alberto"]
[Result "0-1"]
[WhiteElo "1392"]
[BlackElo "1506"]
[PlyCount "104"]
[EventDate "2008.01.19"]

1. e4 c5 2. g3 Nc6 3. c3 e6 4. Nf3 g6 5. d4 d5 6. e5 cxd4 7. Nxd4 Bg7 8. f4 Qb6
9. Nb5 Bf8 10. Nd2 Bd7 11. Nd6+ Bxd6 12. exd6 Nf6 13. Qe2 a6 14. Nf3 Na7 15.
Qe5 O-O-O 16. Qxf6 Qxd6 17. Ne5 Rhf8 18. Be3 Nc6 19. Nxc6 Qxc6 20. Ba7 Be8 21.
Rd1 d4 22. cxd4 Qxh1 23. Rc1+ Bc6 24. Qe7 Qe4+ 25. Be2 Qd5 26. Bxa6 Qa5+ 27. b4
Qxa6 28. Bc5 Kb8 29. Bd6+ Ka8 30. Rc5 Rfe8 31. Qc7 Rc8 32. Qa5 Ka7 33. Re5 b6
34. Bc5 Qxa5 35. bxa5 bxc5 36. Rxc5 Bd5 37. Rb5 Bxa2 38. Kf2 Rc2+ 39. Ke3 Bc4
40. Rc5 Re2+ 41. Kf3 Ba6 42. Rc7+ Kb8 43. Rxf7 Ra2 44. Rxh7 Rxa5 45. Rf7 Bd3
46. g4 Ra3 47. g5 Bf5+ 48. Ke2 Rh8 49. Kf1 Rxh2 50. Kg1 Rc2 51. Rf8+ Kc7 52.
Rf7+ Kd6 0-1

[Event "C.to Provinciale CO"]
[Site "Mariano Comense ITA"]
[Date "2008.01.27"]
[Round "5"]
[White "Bove, Enzo"]
[Black "Agrifoglio, Fabio"]
[Result "1-0"]
[WhiteElo "2000"]
[BlackElo "1995"]
[PlyCount "73"]
[EventDate "2008.01.19"]

1. d4 Nf6 2. Nf3 g6 3. g3 Bg7 4. Bg2 O-O 5. c4 d5 6. Nc3 c6 7. b3 Ne4 8. Bb2
Qa5 9. Qc1 c5 10. O-O Nc6 11. cxd5 Nxc3 12. Bxc3 Nb4 13. a3 Qb5 14. axb4 cxb4
15. Bb2 Qxd5 16. Ne5 Qxb3 17. Nd3 Qe6 18. e4 Qb6 19. d5 f6 20. Qc4 a5 21. Bd4
Qa6 22. Qb3 Qb5 23. d6+ e6 24. Nc5 Re8 25. Bh3 Kf7 26. Rfc1 b6 27. Bf1 Qc6 28.
Nxe6 Bxe6 29. Qxe6+ Rxe6 30. Rxc6 Rxe4 31. Bc4+ Ke8 32. Bxb6 Kd7 33. Bd5 Ra6
34. Bxe4 f5 35. Rc7+ Kxd6 36. Rxg7 fxe4 37. Bxa5 1-0

[Event "C.to Provinciale CO"]
[Site "Mariano Comense ITA"]
[Date "2008.01.27"]
[Round "5"]
[White "Casonato, Mattias"]
[Black "Napoli, Ferdinando"]
[Result "1-0"]
[WhiteElo "1545"]
[BlackElo "1802"]
[PlyCount "87"]
[EventDate "2008.01.19"]

1. e4 c5 2. Nf3 Nc6 3. d3 g6 4. c3 Bg7 5. Nbd2 d6 6. g3 Nf6 7. Bg2 O-O 8. O-O
Qc7 9. Re1 Rb8 10. Rb1 b5 11. d4 cxd4 12. cxd4 e5 13. Qc2 Qb6 14. d5 Nb4 15.
Qb3 a5 16. a3 Na6 17. Nf1 Ng4 18. Be3 Nxe3 19. Qxe3 Nc5 20. b4 axb4 21. axb4
Na6 22. Qxb6 Rxb6 23. N3d2 Bd7 24. Rec1 f5 25. f3 Kf7 26. Bh3 Ke7 27. Kf2 Rbb8
28. Ne3 Rfc8 29. exf5 Rxc1 30. Rxc1 Nxb4 31. Rc7 Kd8 32. Rxd7+ Kxd7 33. f6+ Ke8
34. fxg7 Kf7 35. g8=Q+ Kxg8 36. Be6+ Kg7 37. Ne4 Rb6 38. h4 Nd3+ 39. Kg2 Nb2
40. f4 exf4 41. gxf4 b4 42. f5 gxf5 43. Nxf5+ Kf8 44. Nf6 1-0

[Event "C.to Provinciale CO"]
[Site "Mariano Comense ITA"]
[Date "2008.01.27"]
[Round "5"]
[White "Crippa, Gabriele"]
[Black "Buonocore, Elio"]
[Result "1/2-1/2"]
[WhiteElo "2084"]
[BlackElo "2166"]
[PlyCount "87"]
[EventDate "2008.01.19"]

1. Nf3 f5 2. d4 Nf6 3. Bf4 d6 4. e3 g6 5. Bc4 e6 6. h4 Bg7 7. h5 Nxh5 8. Rxh5
gxh5 9. Ng5 Qf6 10. Qxh5+ Qg6 11. Qxg6+ hxg6 12. Bxe6 Rh1+ 13. Kd2 Nc6 14. c3
Ne7 15. Bf7+ Kf8 16. Bc4 Bf6 17. Nh3 Bd7 18. Be2 Kg7 19. Bd1 Rh8 20. c4 R1xh3
21. gxh3 g5 22. Bg3 Ng6 23. Nc3 f4 24. Bh2 Rxh3 25. Bg1 c6 26. Bc2 Nh4 27. Be4
f3 28. Bd3 Bf5 29. Ne4 Be7 30. Ng3 Bxd3 31. Kxd3 d5 32. c5 Bd8 33. e4 Bc7 34.
e5 Bd8 35. Re1 Ng2 36. Rb1 Kg6 37. b4 a6 38. a4 g4 39. b5 axb5 40. axb5 Ba5 41.
bxc6 bxc6 42. Rb8 Ne1+ 43. Ke3 Ng2+ 44. Kd3 1/2-1/2

[Event "C.to Provinciale CO"]
[Site "Mariano Comense ITA"]
[Date "2008.01.27"]
[Round "5"]
[White "Gonella, Daniele"]
[Black "Moioli, Ferruccio"]
[Result "0-1"]
[WhiteElo "1473"]
[BlackElo "1566"]
[PlyCount "86"]
[EventDate "2008.01.19"]

1. e4 e5 2. Bc4 Nc6 3. Nf3 h6 4. c3 Na5 5. Nxe5 Nxc4 6. Nxc4 b6 7. d4 d6 8.
Nba3 Be7 9. Qd3 Nf6 10. f3 a5 11. Be3 Ba6 12. Bf2 Nh5 13. Qd2 d5 14. exd5 Qxd5
15. Ne3 Qd7 16. g3 Nf6 17. Nac2 Rd8 18. b3 Qc6 19. Qd1 Qxc3+ 20. Qd2 Bb4 21.
Rd1 Rxd4 22. Nxd4 Qxd4 23. Nc4 Bxd2+ 24. Rxd2 Qc3 25. Bd4 Qc1+ 26. Rd1 Qg5 27.
O-O O-O 28. f4 Qb5 29. Rd2 a4 30. Rb1 axb3 31. axb3 Qb4 32. Rc2 Re8 33. Ne5
Qxd4+ 34. Rf2 Ne4 35. Rbb2 Nxf2 36. Rxf2 Qd1+ 37. Kg2 f6 38. Ng4 Qxg4 39. h3
Bb7+ 40. Kh2 Qd1 41. g4 Qe1 42. Rc2 Re3 43. Ra2 Qh1# 0-1

[Event "C.to Provinciale CO"]
[Site "Mariano Comense ITA"]
[Date "2008.01.27"]
[Round "5"]
[White "Guzzetti, Luigi Enrico"]
[Black "Bellotto, Stefano"]
[Result "1-0"]
[WhiteElo "1933"]
[BlackElo "1993"]
[PlyCount "81"]
[EventDate "2008.01.19"]

1. e4 d6 2. d4 Nf6 3. Bd3 e5 4. c3 g6 5. Ne2 Bg7 6. h3 O-O 7. Be3 Re8 8. d5 c6
9. c4 Na6 10. Nbc3 Nc5 11. Bc2 cxd5 12. cxd5 a5 13. O-O Bd7 14. a3 b5 15. b4
axb4 16. axb4 Rxa1 17. Qxa1 Na4 18. f3 Qc7 19. Bxa4 bxa4 20. b5 Qc4 21. b6 Rb8
22. Qa3 Bf8 23. Rb1 Nh5 24. g4 Qd3 25. Kf2 Nf4 26. Nxf4 exf4 27. Bxf4 Bg7 28.
Qxd6 Bd4+ 29. Kg3 Rxb6 30. Rxb6 Qxc3 31. Rb8+ Bc8 32. Rxc8+ Qxc8 33. Bh6 Qe8
34. f4 Bg7 35. Bxg7 Kxg7 36. e5 Qb5 37. f5 Qd3+ 38. Kh4 g5+ 39. Kxg5 Qe3+ 40.
Kh4 Qf2+ 41. Kh5 1-0